000
00325nam a2200121Ia 4500
008
240624s9999 xx 000 0 und d
041
_a
eng
082
_a
658.787 STR
100
_a
STARR MARTIN K
245
_a
INVENTORY CONTROL THEORY AND PRACTICE
260
_c
1962
_a
London
_b
Prentice-Hall
300
_a
ix, : 354 : p. : cm. ; 25
999
_c
5241
_d
5241